Normal view MARC view
  • ESTADOS UNIDOS -

Entry Nombre Geográfico

Number of records used in: 5

001 - NÚMERO DE CONTROL

  • campo de control: 17517

003 - IDENTIFICADOR DE NUMERO DE CONTROL

  • campo de control: UPN

005 - FECHA Y HORA DE LA ÜLTIMA TRANSACCIÓN

  • campo de control: 20210219193857.0

008 - DATOS DE LONGITUD FIJA

  • campo de control de longitud fija: nabaccnnaabn|||||||||| b |nc|||||d

035 ## - NÚMERO DE CONTROL

  • Número de control: UPN10000017525

040 ## - FUENTE DE CATALOGACIÓN

  • Lenguaje de catalogación: SPA
  • Agencia de transcripción: UPN

151 ## - ENCABEZAMIENTO - NOMBRE GEOGRÁFICO

  • Nombre geográfico: ESTADOS UNIDOS -
  • Subdivisión general : RELACIONES -
  • Subdivisión geográfica: AMERICA LATINA

670 ## - FUENTE EN LA QUE SE LOCALIZARON DATOS

  • Cita de la fuente: LC
  • Información localizada: United States--Relations--Latin America

902 ## - CATALOGADOR

  • Catalogador: EMR170211